000 00687cam a2200253 4500
008 090401t1992 xxu||||| |||| 00| 0 eng d
020 _a0851255310
035 _a(Sirsi) u31090
041 _aeng
050 _a690
110 _aBuilding Research Establishment
245 _aIdentifying damage by wood-boring insects.
250 _aRevised ed.
260 _aGarston, Watford
_bBuilding Research Establishment
_c1992
300 _a8p. : ill. ; 30cm.
350 _a4.5
490 _aBRE Digest
_v307
650 _aINSECT DAMAGE
650 _aTIMBER
650 _aWOOD-BORING INSECTS
690 _aBUILT ENVIRONMENT-BUILDING PATHOLOGY
942 _n0
948 _c04/03/1997
999 _c89554
_d89554